• 首页
  • 本馆介绍
  • 公告通知
  • 最新文献
  • 馆藏检索
  • 电子资源
  • 读者导购
  • 参考咨询
  • 我的图书馆
  • 登录
  • 详细信息显示
  • 放入我的书架
  • 预约/预借图书
  • 作者相关作品
  • 分类相关作品
  • 丛书相关作品
  • 出版社相关作品

书目信息

  • 表格格式
  • 工作单格式
  • 卡片格式
题名:
鸟与文学
    
 
作者: 贾祖璋 著
分册:  
出版信息: 上海   上海书店  1982
页数: 154页
开本: 18cm
丛书名:
单 册:
中图分类: Q959.7-49
科图分类:
主题词: 鸟纲--普及读物 , 鸟纲--文化--中国
电子资源:
ISBN:
000 00544nam0 2200205 450
001 0760579989
005 20070729100006.75
010    @dCNY0.40
100    @a20070726d1982 km y0chiy0120 ea
101 0  @achi
102    @aCN@b310000
200 1  @a鸟与文学@Aniao yu wen xue@f贾祖璋著@Fjia zu zhang zhu
210    @a上海@c上海书店@d1982
215    @a154页@d18cm
606 0  @a鸟纲@x普及读物
606 0  @a鸟纲@x文化@y中国
690    @aQ959.7-49@v3
701  0 @a贾祖璋@Ajia zu zhang@4著
801  0 @aCN@bPFT@c20070729
905    @a10447@dQ959.7-49@e124
    
    鸟与文学/贾祖璋著.-上海:上海书店,1982
    154页;18cm
    
    
    ISBN :CNY0.40
    
●
相关链接 在E读中查询图书 在五车中查询图书 在当当中查询图书 在豆瓣中查询图书


正题名:鸟与文学     索取号:Q959.7-49/124         预约/预借

序号 登录号 条形码 馆藏地/架位号 状态 备注
1 0783965   207839650   第二样本阅览室/ [索取号:Q959.7-49/124] 在馆    
唐山师范学院图书馆 欢迎您!
大连网信软件有限公司© 版权所有